Practical hand book for group guidance for teacher-advisers of homerooms, common learnings classes, and clubs (Record no. 1332461)

MARC details
000 -LEADER
fixed length control field 00594nam a2200181Ia 4500
005 - DATE AND TIME OF LATEST TRANSACTION
control field 20250508151837.0
008 - FIXED-LENGTH DATA ELEMENTS--GENERAL INFORMATION
fixed length control field 008 250505s9999 xx 000 0 eng d
037 ## - SOURCE OF ACQUISITION
Stock number Textual
040 ## - CATALOGING SOURCE
Original cataloging agency FEDL
Language of cataloging eng
Transcribing agency FEDL
041 ## - LANGUAGE CODE
Language code of text/sound track or separate title eng
Source of code eng
084 ## - COLON CLASSIFICATION NUMBER
Classification number 371.42, WRI
Assigning agency FEDL
100 ## - MAIN ENTRY--PERSONAL NAME
Personal name Wright Barbara H
9 (RLIN) 760138
245 #0 - TITLE STATEMENT
Title Practical hand book for group guidance for teacher-advisers of homerooms, common learnings classes, and clubs
260 ## - PUBLICATION, DISTRIBUTION, ETC.
Place of publication, distribution, etc. Chicago, USA
Name of publisher, distributor, etc. Science Research Associates
Date of publication, distribution, etc. 1948
300 ## - PHYSICAL DESCRIPTION
Extent vi,225p.
942 ## - ADDED ENTRY ELEMENTS (KOHA)
Koha item type Textual
Classification part 371.42, WRI
Holdings
Withdrawn status Lost status Damaged status Not for loan Home library Current library Date acquired Total Checkouts Full call number Barcode Date last seen Price effective from Koha item type
        Department of Education Library Department of Education Library 2025-05-08   371.42, WRI EL0013625 2025-05-08 2025-05-08 Textual
Copyright @ Delhi University Library System